004000000a22001570004500020001800000060000800018082001400026100001900040100001900059245003800078260004200116260000900158300000700167490003600174650003200210 a0 521 31328 7 a100 a304.2 REI aReiss, Michael aSants, Harriet aBehaviour and social organisation aCambridge, Cambridge University Press c1987 a99 aCambridge social Biology topics aSocial behaviour in animals